Research in organizational behaviour : an annual series of analytical essays and critical reviews (Record no. 286539)

MARC details
000 -LEADER
fixed length control field 00630nam a2200193Ia 4500
008 - FIXED-LENGTH DATA ELEMENTS--GENERAL INFORMATION
fixed length control field 191130s1980##################000#0#eng##
020 ## - INTERNATIONAL STANDARD BOOK NUMBER
ISBN 9780762313358
082 ## - DEWEY DECIMAL CLASSIFICATION NUMBER
Classification number 302.35 STA.27
245 ## - TITLE STATEMENT
Title Research in organizational behaviour : an annual series of analytical essays and critical reviews
Statement of responsibility, etc editors, Barry M. Staw
260 ## - PUBLICATION, DISTRIBUTION, ETC. (IMPRINT)
Place of publication Amsterdam
Name of publisher Elsevier
Year of publication 1980
300 ## - PHYSICAL DESCRIPTION
Number of Pages 396 p. : ill. ; 24 cm
500 ## - GENERAL NOTE
General note Includes bibliographical references
650 ## - SUBJECT ADDED ENTRY--TOPICAL TERM
Topical Term Organizational behavior
700 ## - ADDED ENTRY--PERSONAL NAME
Personal name Staw, Barry M
991 ## -
-- 427714
Holdings
Withdrawn status Lost status Damaged status Not for loan Home library Current library Shelving location Date acquired Full call number Accession Number Price effective from Koha item type
        Anna Centenary Library Anna Centenary Library 3RD FLOOR, B WING 15.10.2020 302.35 STA.27 329597 15.10.2020 English Books

Find us on the map